Quizzes
Events
Quiz Creation
Community
Videos
Private Events
Remove Ads
Sign In
Join for FREE
Feedback
Dark Mode
Quiz Categories
Sports
Geography
Music
Movies
Television
Just For Fun
Miscellaneous
History
Literature
Language
Science
Gaming
Entertainment
Religion
Holiday
For Kids
Quiz Lab
Recent
Popular Today
Quiz Kudos Today
Editor Picks
Curator Picks
Quizzes by...
Day
Popularity
Type
Ratings
Length
Year
Community
Subscriptions
Recent Discussions
Orange Saloon
Badges
Playlists
Quests
Create
Leaderboards
Showdown
Live 5
Trivia Bingo
Activity
Puzzle Library
Sporcle Events
Private Events
Virtual Trivia
Globe League
Become a Host
Pub Owners
SporcleCon
Opinionation
Our Games
Videos
Blog
Mobile Apps
Partnerships
Remove Ads and Go Orange
Feedback
Sports
Athletes
MLB
NBA
NHL
NFL
Soccer
Sports Teams
WWE
NCAA
Football
Premier League
Basketball
Baseball
Hockey
Golf
Tennis
Cricket
Rugby
Auto Racing
Olympics
World Cup
Sports
Athletes
MLB
NBA
NHL
NFL
Soccer
Sports Teams
WWE
NCAA
Football
Premier League
Basketball
Baseball
Hockey
Golf
Tennis
Cricket
Rugby
Auto Racing
Olympics
World Cup
Random Quiz
Search Sporcle
×
Quiz Lab
Quiz Lab
Sports
World Cup
Type in answers that appear in a list
Type in answers that appear in a list
Classic
Best Score? Go Orange.
All Blacks Team that Won the Rugby World Cup Final 2011 Stats
Can you name the All Blacks Team that played the Rugby World Cup Final?
By
hothead12
5m
22 Questions
779 Plays
779 Plays
779 Plays
Comments
Comments
Give Quiz Kudos
Give Quiz Kudos
-
- Ratings
hide this ad
Replay
Link that replays current quiz
Next Quiz
Link to next quiz in quiz playlist
You Got
0%
They Got
Avg Score
79%
Avg Friend Score
Upgrade to see
Score Distribution
Jump to the score distribution portion of the page
Score
0/22
Timer
05:00
0
Plays Today
Position
Player
% Correct
7. Flanker
Richie McCaw
97.4%
12. Second Five
Ma'a Nonu
91.6%
13. Centre
Conrad Smith
91.6%
2. Hooker
Keven Mealamu
89.3%
9. Half-
back
Piri Weepu
88.2%
8. Number 8
Kieran Read
87.3%
10. First Five/
Fly Half
Aaron Cruden
87%
1. Prop
Tony Woodcock
85.7%
15. Full Back
Israel Dagg
85.5%
5. Lock
Samuel Whitelock
84.4%
6. Flanker
Jerome Kaino
83.8%
Position
Player
% Correct
21. Reserve First Five
Stephen Donald
83%
3. Prop
Owen Franks
82.9%
22. Reserve Centre/
Second Five/
Wing
Sonny Bill Williams
82.1%
17. Reserve Prop
Ben Franks
81.9%
18. Reserve Lock
Ali Williams
80.6%
14. Right Wing
Cory Jane
74.3%
4. Lock
Brad Thorn
72%
11. Left Wing
Richard Kahui
61.2%
20. Reserve Halfback
Andy Ellis
58.2%
16. Reserve Prop/
Hooker
Andrew Hore
57.7%
19. Reserve Flanker/
Number 8
Adam Thomson
32.9%
Quiz Playlist
Details
Report
Send in Message
Add To Playlist
Classic:
Type in answers that appear in a list
Last Updated: Feb 16, 2017
Quiz Scoreboard
CHALLENGE
Sign Up to Join the Scoreboard
Show All
Scores
Hide
Comments
May contain spoilers
Recently Published
9x9 Crossword: Cartoon Network
by jackfrog10
Miscellaneous
3m
College Basketball Coaching Resumes
by pancakes188
Sports
9m
Billboard Blitz: Fleetwood Mac
by CooCooCachoo
Music
15s
More to Explore
Quiz From the Vault
Featured Blog Post
Where Did the Easter Bunny Come From?
hide this ad
You Might Also Like...
Tags
Football Quiz
Rugby Quiz
World Cup Quiz
black
New Zealand
New Zealanders
Player
Sports Champions
Today's Top Quizzes in Sports
Browse Sports
hide this ad
Today's Top Quizzes in World Cup
Browse World Cup
Top Contributed Quizzes in Sports
1
2022 World Cup Stars
2
Les meilleurs buteurs des matchs entre le PSG et l’OM
3
FIFA Club World Cup Champions
4
Les entraîneurs de l'OM et du PSG au 21e siècle
5
Criteria MLB: Left Handed Sluggers
6
AFC Teams Reveal (Wrong Answers Minefield)
7
2023 MLB Unique Player Accomplishments
8
Players with Multiple 50 Home Run Seasons
9
5-to-1: FBS Animal Nicknames
10
5-to-1: UK Sports Teams
Explore More
Trending Topics
Anime
NBA
Disney
Harry Potter
Kpop
Marvel
Crossword
Pokémon
The Office
WWE
Puzzle
NFL
Song
Country
Soccer
hide this ad
More By:
hothead12
Quiz
Plays
Rating
Category
Featured
Created
All Blacks Team that Won the Rugby World Cup Final 2011
779
5.00
Sports
Nov 3, 2011
Animal Word Scramble
92
3.00
Just For Fun
Jul 5, 2011
Go to Creator's Profile
Score Distribution
Quiz Creator Spotlight
hothead12
Follow
Send a Message
Quizzes Created
-
Created Quiz Play Count
-
More By This Creator
Popular Quizzes Today
1
Find the US States - No Outlines Minefield
2
Find the Countries of Europe - No Outlines Minefield
3
The Countries of the World
4
Find the US States
5
Risky Map Clicking: Biggest States A-Z
6
US States
7
Popular People in 1961
8
Movies - When Are They Set?
More Sports Quizzes
Italy vs England Last 5 XI's
Quiz Lab
Trending Quizzes
Risky Map Clicking: Least Populous States A-Z
1-10 Letter G Words
1-10 Letter F Words
Risky Map Clicking: Next State Alphabetically
Adjectives in 80s TV Shows
Recently Updated
Leaping Animals
pecheneg
Reality TV Shows (A-Z)
bhenderson79
Rickey Henderson's Hall of Fame Teammates
pecheneg
Champions League XIs: Arsenal
pecheneg
Quick Pick: Celebrities in WWE's Hall of Fame
aduchscher
A-Z Keypad Blitz II
pecheneg
Multiple Oscar Actors
pecheneg
Mystery Phrase Blitz: Oscar 'Best Actors'
pecheneg
F. Scott Fitzgerald Novels
LTH
Pick 3 Villains
ddd62291
Trending Topics
Crossword
Anime
Marvel
NBA
Harry Potter
Disney
Kpop
WWE
The Office
Puzzle
Country
Soccer
Pokémon
NFL
Song
Your Account Isn't Verified!
In order to create a playlist on Sporcle, you need to verify the email address you used during registration. Go to your
Sporcle Settings
to finish the process.
Report this User
Report this user for behavior that violates our
Community Guidelines
.
Details:
Send Report
Go to the Sporcle.com Mobile Site →
Comments